| 000 | 00671nam a2200205 4500 | ||
|---|---|---|---|
| 003 | OSt | ||
| 005 | 20240627011016.0 | ||
| 006 | a | ||
| 008 | 240627b |||||||| |||| 00| 0 eng d | ||
| 020 | _a9715420672 | ||
| 040 |
_aDWCL-Main lib. _cOC |
||
| 082 | _aFil. 150 S579 1982 | ||
| 245 | _aSikolohiyang Pilipino: teorya, metodo at gamit= Filipino psychology: theory, method and application / | ||
| 260 |
_aQuezon City: _bUniversity of the Philippines Press, _cc1982. |
||
| 300 |
_axv, _b352 p. : ill. ; _c26 cm. |
||
| 504 | _aIncludes bibliographical references and index. | ||
| 650 | _a1. Psychology. | ||
| 700 | _aRogelia Pe Pua | ||
| 942 |
_2ddc _n0 _cBK - FIL _kFil. |
||
| 999 |
_c1438 _d1438 |
||